Fiebre tifoidea y antibióticos / (Record no. 127885)

MARC details
000 -LEADER
campo de control de longitud fija 00681nam a2200193 i 4500
001 - NÚMERO DE CONTROL
campo de control 127885
003 - IDENTIFICADOR DE NÚMERO DE CONTROL
campo de control ES-MaACL
005 - FECHA Y HORA DE LA ÚLTIMA TRANSACCIÓN
campo de control 20230906193118.0
007 - CAMPO FIJO DE DESCRIPCIÓN FÍSICA--INFORMACIÓN GENERAL
campo de control de longitud fija t|
008 - DATOS DE LONGITUD FIJA--INFORMACIÓN GENERAL
campo de control de longitud fija 070214s1960 sp r ||||1| spa d
100 1# - ENTRADA PRINCIPAL--NOMBRE DE PERSONA
Nombre de persona Rivera Pérez, Luis.
9 (RLIN) 97664
245 10 - MENCIÓN DEL TÍTULO
Título Fiebre tifoidea y antibióticos /
Mención de responsabilidad, etc. por el Dr. Luis Rivera Pérez.
260 ## - PUBLICACIÓN, DISTRIBUCIÓN, ETC.
Lugar de publicación, distribución, etc. Cuenca :
Nombre del editor, distribuidor, etc. [s. n.],
Fecha de publicación, distribución, etc. 1960 (
Fabricante Imp. Conquense)
300 ## - DESCRIPCIÓN FÍSICA
Extensión 19 p. ;
Dimensiones 21 cm.
500 ## - NOTA GENERAL
Nota general Precede al tít.: V Reunión de la Sociedad de Medicina y Cirugía de Levante.
650 04 - PUNTO DE ACCESO ADICIONAL DE MATERIA--TÉRMINO DE MATERIA
Término de materia o nombre geográfico como elemento de entrada Fiebre tifoidea.
9 (RLIN) 12776
710 2# - ENTRADA AGREGADA--NOMBRE DE ENTIDAD CORPORATIVA
Nombre de entidad corporativa o nombre de jurisdicción como elemento de entrada Sociedad de Medicina y Cirugía de Levante.
Unidad subordinada Reunión (
Número del congreso/reunión o número de parte o sección 5ª)
9 (RLIN) 6680
852 ## - LOCALIZACIÓN
Ubicación ES-MaACL
Número de control de estantería 2019-F-9
Sublocalización o colección R.46268
Holdings
Estatus retirado Estado de pérdida Estado de daño No para préstamo Colección Biblioteca de origen Biblioteca actual Ubicación en estantería Fecha de adquisición Fuente de adquisición Total de préstamos Signatura topográfica completa Código de barras Visto por última vez Precio de reemplazo Tipo de ítem Koha
        Colección de folletos Biblioteca del Ateneo de Madrid Biblioteca del Ateneo de Madrid Depósito folletos 17/01/2008     2019-F-9 1133197 23/02/2023 23/02/2023 Folleto